[Event "Anapa op-B"]
[Site "Anapa"]
[Date "2010.09.06"]
[Round "5"]
[White "Makeev, Alexander"]
[Black "Natacheev, Peter"]
[Result "0-1"]
[WhiteElo "2169"]
[BlackElo "2233"]
[PlyCount "104"]
[EventDate "2010.08.31"]
[EventType "swiss"]
[EventRounds "9"]
[EventCountry "RUS"]
[SourceTitle "EXT 2013"]
[Source "ChessBase"]
[SourceDate "2012.11.22"]
[SourceVersion "1"]
[SourceVersionDate "2012.11.22"]
[SourceQuality "1"]

1. d4 g6 2. c4 Bg7 3. e4 d6 4. Nc3 Nd7 5. Be3 e5 6. d5 Ne7 7. Bd3 0-0 8. f3 f5 9. Qd2 Nf6 10. Nge2 fxe4 11. Nxe4 Nf5 12. Bg5 c5 13. 0-0 Qc7 14. Nxf6+ Bxf6 15. Bxf6 Rxf6 16. f4 Qe7 17. fxe5 Qxe5 18. Rae1 Bd7 19. Rf4 Nd4 20. Re4 Nxe2+ 21. R1xe2 Raf8 22. Re1 Qh5 23. Be2 Qf5 24. Bf3 R6f7 25. a3 b6 26. b4 Qf6 27. Qe3 Bf5 28. Re8 Rxe8 29. Qxe8+ Kg7 30. Qe3 Bc2 31. Qd2 Bb3 32. Qd3 Qd4+ 33. Qxd4+ cxd4 34. Re4 d3 35. Rd4 Bc2 36. Kf2 Re7 37. h4 h6 38. g3 Kf6 39. Rf4+ Kg7 40. Rd4 g5 41. hxg5 hxg5 42. Bg4 Kf6 43. Be6 Rh7 44. Bg4 Rh2+ 45. Kg1 Ke5 46. Rxd3 Bxd3 47. Kxh2 Bxc4 48. Kg2 Bxd5+ 49. Kf2 Kd4 50. Bd1 Be4 51. g4 Kd3 52. Be2+ Kd2 0-1